[Event "Dubai op 11th"]
[Site "Dubai"]
[Date "2009.05.02"]
[Round "7"]
[White "Taopa, Gilbert"]
[Black "Abdumalik, Zhansaya"]
[Result "1-0"]
[WhiteElo "2035"]
[BlackElo "1854"]
[PlyCount "123"]
[EventDate "2009.04.26"]
[EventType "swiss"]
[EventRounds "9"]
[EventCountry "UAE"]
[SourceTitle "CBM 130 Extra"]
[Source "ChessBase"]
[SourceDate "2009.07.02"]
[SourceVersion "2"]
[SourceVersionDate "2009.07.15"]
[SourceQuality "1"]

1. e4 c5 2. Nf3 e6 3. d4 cxd4 4. Nxd4 a6 5. c4 Nf6 6. Nc3 Qc7 7. Nc2 Be7 8. Be2 d6 9. 0-0 Nbd7 10. Be3 b6 11. Rc1 Bb7 12. f3 0-0 13. Qd2 Rac8 14. Rfd1 Rfd8 15. Bf1 Rb8 16. Nd4 Ne5 17. b3 Bc8 18. Qf2 Ng6 19. h3 Qb7 20. g3 d5 21. cxd5 exd5 22. Nxd5 Nxd5 23. exd5 Rxd5 24. Bg2 Qd7 25. f4 Rd6 26. Qc2 Bb7 27. Nf5 Rc8 28. Qb1 Rxc1 29. Rxc1 Re6 30. Rd1 Qc7 31. Qc1 Qxc1 32. Rxc1 Bxg2 33. Kxg2 Bf6 34. Rc8+ Nf8 35. Kf3 g6 36. Nh6+ Kg7 37. Ng4 Nd7 38. Rc7 Rd6 39. Nf2 Bd8 40. Rc8 Nf6 41. g4 h6 42. h4 b5 43. g5 hxg5 44. hxg5 Nh7 45. Ne4 Rd5 46. Bd2 f5 47. Bc3+ Kf7 48. Nc5 a5 49. Nb7 Bb6 50. Bxa5 Bxa5 51. Nxa5 Nf8 52. Nc6 Nd7 53. Ke3 Rd1 54. a4 bxa4 55. bxa4 Nb6 56. Rc7+ Ke6 57. Nd4+ Kd5 58. Nf3 Ra1 59. Ne5 Ra3+ 60. Ke2 Rxa4 61. Nxg6 Kd6 62. Rf7 1-0

[Event "Dubai op 11th"]
[Site "Dubai"]
[Date "2009.04.26"]
[Round "1"]
[White "Taopa, Gilbert"]
[Black "Laxman, Rajaram"]
[Result "0-1"]
[WhiteElo "2035"]
[BlackElo "2521"]
[PlyCount "64"]
[EventDate "2009.04.26"]
[EventType "swiss"]
[EventRounds "9"]
[EventCountry "UAE"]
[SourceTitle "CBM 130 Extra"]
[Source "ChessBase"]
[SourceDate "2009.07.02"]
[SourceVersion "2"]
[SourceVersionDate "2009.07.15"]
[SourceQuality "1"]

1. e4 e5 2. Nf3 Nc6 3. Bb5 a6 4. Bxc6 dxc6 5. d4 exd4 6. Qxd4 Qxd4 7. Nxd4 Bd7 8. Nc3 0-0-0 9. Be3 Bb4 10. 0-0-0 Bxc3 11. bxc3 Ne7 12. h3 Rde8 13. Rde1 c5 14. Nf5 Bxf5 15. exf5 Nxf5 16. Bxc5 b6 17. g4 Nh4 18. Bd4 f6 19. c4 Nf3 20. Rxe8+ Rxe8 21. Be3 c5 22. Rd1 Ne5 23. Rd3 Nxd3+ 24. cxd3 Kd7 25. a4 Kc6 26. Kd2 b5 27. axb5+ axb5 28. cxb5+ Kxb5 29. Kc3 Ra8 30. Bc1 Ra4 31. f4 c4 32. d4 Rb4 0-1